[Event "Chess24 Banter Blitz Cup"]
[Site "chess24.com INT"]
[Date "2019.10.20"]
[Round "1.3"]
[White "Gordievsky, Dmitry"]
[Black "Banusz, Tamas"]
[Result "1-0"]
[WhiteTitle "GM"]
[BlackTitle "GM"]
[WhiteElo "2579"]
[BlackElo "2619"]
[WhiteFideId "24112798"]
[BlackFideId "722413"]
[EventDate "2019.09.25"]
[EventType "blitz"]

1. Nf3 d5 2. c4 c6 3. g3 Nf6 4. Bg2 g6 5. O-O Bg7 6. d4 O-O 7. Ne5 Nbd7 8. Nc3
Nb6 9. cxd5 Nfxd5 10. Qc2 Be6 11. Bd2 Qc8 12. Rfd1 Bh3 13. Bh1 Rd8 14. a3 Nxc3
15. Bxc3 Nd5 16. Be1 Qc7 17. e4 Nf6 18. f4 Ng4 19. Qe2 Nxe5 20. dxe5 h5 21. Bf2
Bg4 22. Bf3 Bxf3 23. Qxf3 Qa5 24. Qb3 b6 25. Qc4 Qb5 26. Qxb5 cxb5 27. Kf1 e6
28. Ke2 Bf8 29. Rxd8 Rxd8 30. Rc1 Rd7 31. Rc8 Kg7 32. h3 Be7 33. g4 hxg4 34.
hxg4 a5 35. Bxb6 b4 36. Bxa5 bxa3 37. bxa3 Bxa3 38. Be1 g5 39. f5 Bb2 40. Bg3
Rd4 41. Ke3 Rb4 42. Rc7 Rb3+ 43. Kf2 Rxg3 44. fxe6 Bxe5 45. Rxf7+ Kg6 46. Rf5
Ra3 47. Rxe5 Ra8 48. Ke3 1-0

[Event "Chess24 Banter Blitz Cup"]
[Site "chess24.com INT"]
[Date "2019.10.20"]
[Round "1.4"]
[White "Banusz, Tamas"]
[Black "Gordievsky, Dmitry"]
[Result "1/2-1/2"]
[WhiteTitle "GM"]
[BlackTitle "GM"]
[WhiteElo "2619"]
[BlackElo "2579"]
[WhiteFideId "722413"]
[BlackFideId "24112798"]
[EventDate "2019.09.25"]
[EventType "blitz"]

1. Nf3 g6 2. g3 Bg7 3. d4 c5 4. c3 Nf6 5. Bg2 Qc7 6. O-O O-O 7. Bg5 d6 8. Bxf6
Bxf6 9. e3 Nd7 10. Nbd2 b6 11. Ne1 Rb8 12. Nd3 Ba6 13. Nf3 e6 14. Re1 Bg7 15.
Rc1 d5 16. Qd2 Qd6 17. Nf4 Rfd8 18. h4 h6 19. Bf1 Bb7 20. Bg2 Rbc8 21. Rcd1 Nf6
22. Qe2 Ne4 23. Nd2 Nf6 24. Nf3 Nd7 25. Nd3 Qb8 26. Nd2 Ba6 27. f4 b5 28. Nf3 b4
29. Qd2 bxc3 30. bxc3 Qb6 31. Nfe5 Bxd3 32. Qxd3 Nf6 33. Bf3 Qa5 34. Qd2 Rc7 35.
Nd3 Nd7 36. h5 g5 37. Ne5 cxd4 38. cxd4 Qxd2 39. Rxd2 Nxe5 40. dxe5 Bf8 41. Red1
Rc3 42. Kf2 Bc5 43. Rd3 Rc2+ 44. R1d2 Rc1 45. Ke2 Rb8 46. e4 d4 47. Rb3 Rxb3 48.
axb3 gxf4 49. gxf4 Rc3 50. Rd3 Rc2+ 51. Rd2 Rc3 52. Rd3 Rc1 53. Rd1 Rc3 54. Rd3 1/2-1/2

[Event "Chess24 Banter Blitz Cup"]
[Site "chess24.com INT"]
[Date "2019.10.20"]
[Round "1.5"]
[White "Gordievsky, Dmitry"]
[Black "Banusz, Tamas"]
[Result "0-1"]
[WhiteTitle "GM"]
[BlackTitle "GM"]
[WhiteElo "2579"]
[BlackElo "2619"]
[WhiteFideId "24112798"]
[BlackFideId "722413"]
[EventDate "2019.09.25"]
[EventType "blitz"]

1. Nf3 Nf6 2. c4 c6 3. g3 d5 4. Bg2 dxc4 5. O-O b5 6. a4 Bb7 7. Ne5 Qc7 8. d4
Nbd7 9. Bf4 Nxe5 10. dxe5 Nd5 11. e6 Nxf4 12. exf7+ Kxf7 13. gxf4 Rd8 14. Qc2 a6
15. Qf5+ Ke8 16. Nc3 g6 17. Qe4 Bg7 18. e3 Bf6 19. Rfd1 Kf7 20. Bh3 Kg7 21. Be6
b4 22. Ne2 c5 23. Bd5 Rxd5 24. Rxd5 Rd8 25. Rad1 Rxd5 26. Rxd5 c3 27. bxc3 bxc3
28. Qc4 Bxd5 29. Qxd5 Qd6 30. Qc4 Qd2 31. e4 Bd4 32. Qe6 Qe1+ 33. Kg2 Qxf2+ 34.
Kh3 Qf1+ 35. Kg3 Bf2+ 36. Kf3 Bh4+ 37. Kg4 Bf6 38. Ng3 Qd1+ 39. Kh3 Qd6 40. Qc4
Qxf4 0-1

[Event "Chess24 Banter Blitz Cup"]
[Site "chess24.com INT"]
[Date "2019.10.20"]
[Round "1.6"]
[White "Banusz, Tamas"]
[Black "Gordievsky, Dmitry"]
[Result "0-1"]
[WhiteTitle "GM"]
[BlackTitle "GM"]
[WhiteElo "2619"]
[BlackElo "2579"]
[WhiteFideId "722413"]
[BlackFideId "24112798"]
[EventDate "2019.09.25"]
[EventType "blitz"]

1. d4 c5 2. d5 g6 3. Nc3 Bg7 4. e4 d6 5. Nf3 Nf6 6. Bb5+ Bd7 7. a4 O-O 8. Bxd7
Nfxd7 9. O-O Na6 10. Nd2 Nc7 11. Nc4 b6 12. Bd2 a6 13. Qc1 Re8 14. Bh6 Bh8 15.
Rb1 b5 16. Na5 Ne5 17. Nc6 Nxc6 18. dxc6 Ne6 19. Nd5 Rb8 20. f4 Qc8 21. f5 Nd4
22. fxg6 hxg6 23. Qg5 Qe6 24. Nc7 Qxe4 25. Nxe8 Rxe8 26. Rbe1 Qxc6 27. Rxe7 Rxe7
28. Qxe7 Nf5 29. Qf8+ Kh7 30. Bf4 Qd5 31. Rf3 Qd1+ 32. Rf1 Qd4+ 33. Kh1 Qc4 34.
Rf3 Nh4 35. Rf2 Bg7 36. Qe8 Nf5 37. Bd2 Qh4 38. Qe2 Bd4 39. Rf3 Qh5 40. Rh3 Ng7
41. Rxh5+ Nxh5 42. Qf3 Kg7 43. Qe4 Be5 44. Qd5 Ng3+ 0-1

[Event "Chess24 Banter Blitz Cup"]
[Site "chess24.com INT"]
[Date "2019.10.20"]
[Round "1.7"]
[White "Gordievsky, Dmitry"]
[Black "Banusz, Tamas"]
[Result "1-0"]
[WhiteTitle "GM"]
[BlackTitle "GM"]
[WhiteElo "2579"]
[BlackElo "2619"]
[WhiteFideId "24112798"]
[BlackFideId "722413"]
[EventDate "2019.09.25"]
[EventType "blitz"]

1. Nf3 d5 2. c4 d4 3. b4 Bg4 4. Qb3 a5 5. Ne5 Be6 6. b5 Nd7 7. Nxd7 Qxd7 8. g3
a4 9. Qc2 Bf5 10. d3 e5 11. Bg2 c6 12. O-O Nf6 13. Bg5 Be7 14. Nd2 c5 15. Nf3
Qd6 16. Nh4 Bc8 17. e4 h6 18. Bd2 Qc7 19. Nf5 Bxf5 20. exf5 O-O 21. Qd1 Bd6 22.
Qf3 Rab8 23. Rae1 b6 24. h4 Rfe8 25. g4 e4 26. dxe4 Nd7 27. g5 Ne5 28. Qh5 hxg5
29. hxg5 Nxc4 30. Bc1 Bf4 31. g6 Bxc1 32. Rxc1 fxg6 33. fxg6 Qe5 34. Qh7+ Kf8
35. f4 Qe6 36. f5 1-0

[Event "Chess24 Banter Blitz Cup"]
[Site "chess24.com INT"]
[Date "2019.10.20"]
[Round "1.8"]
[White "Banusz, Tamas"]
[Black "Gordievsky, Dmitry"]
[Result "1-0"]
[WhiteTitle "GM"]
[BlackTitle "GM"]
[WhiteElo "2619"]
[BlackElo "2579"]
[WhiteFideId "722413"]
[BlackFideId "24112798"]
[EventDate "2019.09.25"]
[EventType "blitz"]

1. Nf3 g6 2. c4 Bg7 3. d4 d6 4. g3 Nf6 5. Bg2 O-O 6. O-O c5 7. Nc3 Nc6 8. d5 Na5
9. Nd2 e5 10. a3 b6 11. b4 Nb7 12. Bb2 Ng4 13. h3 Nh6 14. e3 f5 15. f4 Nf7 16.
Kh2 Bd7 17. Qc2 g5 18. Nf3 h6 19. Rae1 cxb4 20. axb4 a5 21. bxa5 Rxa5 22. Ra1
Nc5 23. Nd2 e4 24. Ne2 Nd3 25. Bxg7 Kxg7 26. Qc3+ Qf6 27. Nd4 Rfa8 28. Rxa5 bxa5
29. Bxe4 Nc5 30. Bxf5 Bxf5 31. Nxf5+ Kg6 32. Nd4 a4 33. fxg5 Qxg5 34. Qc2+ Kg7
35. Nf5+ Kg8 36. Nf3 Qf6 37. N3d4 a3 38. Qa2 Qe5 39. Rf4 Nd3 40. Rg4+ Kf8 41.
Ne6+ Ke8 42. Rg8+ Kd7 43. Rxa8 Qxf5 44. Rxa3 Ke7 45. Ra7+ Kf6 46. Nd4 Qf1 47.
Qg2 Qd1 48. Qf3+ Qxf3 49. Nxf3 Nc5 50. Nd4 Ng5 51. Kg2 Nge4 52. Rh7 Nd2 53.
Rxh6+ Ke5 54. Rh5+ Ke4 55. g4 Kd3 56. Nf5 Nxc4 57. g5 Ne5 58. Rh6 Ne4 59. g6 Nd2
60. g7 Ne4 61. g8=Q Ke2 62. Qg4+ Kd3 63. Qxe4+ Kxe4 64. Nxd6+ Kxd5 65. Rh5 Kxd6
66. Rxe5 Kxe5 67. Kg3 Kf5 1-0

[Event "Chess24 Banter Blitz Cup"]
[Site "chess24.com INT"]
[Date "2019.10.20"]
[Round "1.9"]
[White "Gordievsky, Dmitry"]
[Black "Banusz, Tamas"]
[Result "1-0"]
[WhiteTitle "GM"]
[BlackTitle "GM"]
[WhiteElo "2579"]
[BlackElo "2619"]
[WhiteFideId "24112798"]
[BlackFideId "722413"]
[EventDate "2019.09.25"]
[EventType "blitz"]

1. Nf3 d5 2. c4 e6 3. g3 Nf6 4. b3 Be7 5. Bg2 O-O 6. O-O c5 7. Bb2 Nc6 8. e3 d4
9. exd4 cxd4 10. a3 a5 11. d3 Ne8 12. Re1 f6 13. Nbd2 Nc7 14. Ne4 e5 15. h3 Ne6
16. Bc1 f5 17. Ned2 Bf6 18. Bb2 Nc5 19. Bf1 Re8 20. b4 axb4 21. axb4 Rxa1 22.
Bxa1 Nxb4 23. Nb3 Nxb3 24. Qxb3 Nc6 25. Nd2 Kh8 26. Bg2 Qc7 27. Rb1 h6 28. Bb2
Be6 29. Ba3 Rb8 30. Qb6 Qxb6 31. Rxb6 Bd8 32. Rb1 Bc7 33. Nb3 Bc8 34. Nc5 b6 35.
Bxc6 bxc5 36. Rxb8 Bxb8 37. Bxc5 Bc7 38. Bd5 g6 39. f3 Kg7 40. g4 Kf6 41. Kg2
Be6 42. Bc6 Bf7 43. Bf8 h5 44. Bb4 hxg4 45. hxg4 Be6 46. gxf5 gxf5 47. Bd2 Bf7
48. Kf2 Bg6 49. Ke2 f4 50. Be1 Bf5 51. Bh4+ Ke6 52. c5 Bd6 53. cxd6 Kxd6 54. Be4 1-0

[Event "Chess24 Banter Blitz Cup"]
[Site "chess24.com INT"]
[Date "2019.10.20"]
[Round "1.10"]
[White "Banusz, Tamas"]
[Black "Gordievsky, Dmitry"]
[Result "1-0"]
[WhiteTitle "GM"]
[BlackTitle "GM"]
[WhiteElo "2619"]
[BlackElo "2579"]
[WhiteFideId "722413"]
[BlackFideId "24112798"]
[EventDate "2019.09.25"]
[EventType "blitz"]

1. Nf3 Nf6 2. g3 b6 3. Bg2 Bb7 4. O-O c5 5. c4 e6 6. Nc3 Be7 7. d4 cxd4 8. Qxd4
O-O 9. Rd1 d6 10. Bg5 Nbd7 11. Nb5 d5 12. cxd5 Nxd5 13. Bxe7 Qxe7 14. e4 N5f6
15. Nd6 Nc5 16. b4 Na4 17. Rac1 Rad8 18. e5 Nd5 19. Nd2 Ba8 20. N2e4 Rd7 21. b5
Nc5 22. Nxc5 bxc5 23. Qxc5 f6 24. Ne4 fxe5 25. Qxe7 Rxe7 26. Nc5 Rb8 27. Nxe6
Rxe6 28. Rxd5 e4 29. Rdc5 Reb6 30. Rc8+ Kf7 31. R1c7+ Kf6 32. Rxb8 Rxb8 33. Rxa7
Bd5 34. a4 Rc8 35. h4 Rc1+ 36. Kh2 Rc2 37. g4 Rxf2 38. Kg3 Ra2 39. Rd7 Ke5 40.
b6 Ra3+ 41. Kf2 e3+ 42. Kg1 Ra1+ 43. Kh2 Bxg2 44. Kxg2 Kf4 45. Rf7+ Ke4 46. Re7+
Kf4 47. b7 Rb1 48. a5 Rb2+ 49. Kf1 Kf3 50. Rf7+ Kg3 51. a6 1-0

[Event "Chess24 Banter Blitz Cup"]
[Site "chess24.com INT"]
[Date "2019.10.20"]
[Round "1.11"]
[White "Gordievsky, Dmitry"]
[Black "Banusz, Tamas"]
[Result "1-0"]
[WhiteTitle "GM"]
[BlackTitle "GM"]
[WhiteElo "2579"]
[BlackElo "2619"]
[WhiteFideId "24112798"]
[BlackFideId "722413"]
[EventDate "2019.09.25"]
[EventType "blitz"]

1. Nf3 d5 2. c4 c6 3. g3 Bg4 4. Bg2 e6 5. Qb3 Qb6 6. d3 Nd7 7. Be3 Bc5 8. Bxc5
Nxc5 9. Qc3 Nf6 10. b3 Bxf3 11. Bxf3 d4 12. Qc2 e5 13. Nd2 a5 14. a3 O-O 15. O-O
Rfe8 16. Rab1 Qc7 17. Bg2 h6 18. Ra1 Qe7 19. b4 axb4 20. axb4 Ne6 21. Qb3 Qc7
22. c5 Red8 23. Nc4 Ne8 24. Nb6 Rxa1 25. Rxa1 Nd6 26. Na8 1-0

[Event "Chess24 Banter Blitz Cup"]
[Site "chess24.com INT"]
[Date "2019.10.20"]
[Round "1.12"]
[White "Banusz, Tamas"]
[Black "Gordievsky, Dmitry"]
[Result "1-0"]
[WhiteTitle "GM"]
[BlackTitle "GM"]
[WhiteElo "2619"]
[BlackElo "2579"]
[WhiteFideId "722413"]
[BlackFideId "24112798"]
[EventDate "2019.09.25"]
[EventType "blitz"]

1. d4 c5 2. c3 Nf6 3. Nf3 e6 4. Bf4 Qb6 5. Qb3 cxd4 6. Qxb6 axb6 7. Nxd4 d6 8.
Nb5 Kd7 9. N1a3 e5 10. Bg3 Ne4 11. O-O-O Kc6 12. e3 Be6 13. Be2 Bxa2 14. Bf3 f5
15. Rd2 Bb3 16. Bxe4+ fxe4 17. f3 exf3 18. gxf3 Nd7 19. c4 Bxc4 20. Rc2 d5 21.
Nxc4 dxc4 22. Nc3 Ra1+ 23. Nb1 b5 24. b3 Nc5 25. bxc4 b4 26. Bxe5 Nd3+ 27. Kd2
Nxe5 28. f4 Nd7 29. c5 Bxc5 30. Rhc1 b6 31. Ke2 Nf6 32. Nd2 Rxc1 33. Rxc1 Re8
34. Nc4 b5 35. Ne5+ Kd5 36. Kd3 b3 37. Rb1 b4 38. Rxb3 Ra8 39. Ke2 Ne4 40. Rd3+
Ke6 41. Kf3 Nc3 42. Nc4 Nd5 43. e4 Nf6 44. f5+ Ke7 45. e5 Nd7 46. Ke4 Ra3 47.
f6+ gxf6 48. exf6+ Nxf6+ 49. Kf5 1-0

[Event "Chess24 Banter Blitz Cup"]
[Site "chess24.com INT"]
[Date "2019.10.20"]
[Round "1.13"]
[White "Gordievsky, Dmitry"]
[Black "Banusz, Tamas"]
[Result "1-0"]
[WhiteTitle "GM"]
[BlackTitle "GM"]
[WhiteElo "2579"]
[BlackElo "2619"]
[WhiteFideId "24112798"]
[BlackFideId "722413"]
[EventDate "2019.09.25"]
[EventType "blitz"]

1. Nf3 d5 2. c4 c6 3. g3 Nf6 4. Bg2 g6 5. O-O Bg7 6. d4 dxc4 7. Qc2 b5 8. e4 O-O
9. Nc3 Na6 10. a3 Bb7 11. Bg5 h6 12. Bf4 Nc7 13. Rad1 Ne6 14. Bc1 a6 15. h4 Qb6
16. e5 Nd5 17. h5 g5 18. Qf5 Rad8 19. Nxd5 cxd5 20. Be3 f6 21. Bh3 Bc8 22. Qg6
Rf7 23. Qc2 f5 24. Bxf5 Rxf5 25. Qxf5 Rf8 26. Qg6 Rxf3 27. Bxg5 hxg5 28. h6 Rf7
29. f4 gxf4 30. Rxf4 Rxf4 31. gxf4 Qd8 32. f5 Qf8 33. fxe6 Kh8 34. Qxg7+ Qxg7+
35. hxg7+ Kxg7 36. Kf2 Bxe6 37. Rg1+ Kf7 38. Ke3 Bf5 39. Kd2 Ke6 40. Kc3 Be4 41.
Kb4 Kf5 42. Rf1+ Kg4 43. Rf7 1-0

[Event "Chess24 Banter Blitz Cup"]
[Site "chess24.com INT"]
[Date "2019.10.20"]
[Round "1.14"]
[White "Banusz, Tamas"]
[Black "Gordievsky, Dmitry"]
[Result "1/2-1/2"]
[WhiteTitle "GM"]
[BlackTitle "GM"]
[WhiteElo "2619"]
[BlackElo "2579"]
[WhiteFideId "722413"]
[BlackFideId "24112798"]
[EventDate "2019.09.25"]
[EventType "blitz"]

1. Nf3 d5 2. g3 Nc6 3. d4 Bf5 4. Bg2 e6 5. O-O Nb4 6. Na3 c6 7. c3 Na6 8. Nc2 h6
9. Re1 Nf6 10. Nd2 Be7 11. e4 dxe4 12. Nxe4 Nxe4 13. Bxe4 Bxe4 14. Rxe4 Qd5 15.
Qe2 Nc7 16. Bf4 Qd7 17. Bxc7 Qxc7 18. Ne3 O-O 19. Nc4 Bf6 20. Ne5 Bxe5 21. Rxe5
Rad8 22. Kg2 Rd5 23. Re1 Rfd8 24. f4 c5 25. Rxd5 Rxd5 26. dxc5 Qxc5 27. Rd1 Qc6
28. Rxd5 Qxd5+ 29. Qf3 Qd2+ 30. Qf2 Qd5+ 31. Qf3 Qd2+ 32. Qf2 1/2-1/2

[Event "Chess24 Banter Blitz Cup"]
[Site "chess24.com INT"]
[Date "2019.10.20"]
[Round "1.15"]
[White "Gordievsky, Dmitry"]
[Black "Banusz, Tamas"]
[Result "1-0"]
[WhiteTitle "GM"]
[BlackTitle "GM"]
[WhiteElo "2579"]
[BlackElo "2619"]
[WhiteFideId "24112798"]
[BlackFideId "722413"]
[EventDate "2019.09.25"]
[EventType "blitz"]

1. Nf3 d5 2. c4 c6 3. g3 Nf6 4. Bg2 dxc4 5. O-O b5 6. Qc2 Bb7 7. Rd1 e6 8. d3
cxd3 9. Rxd3 Qb6 10. Nc3 Nbd7 11. Be3 Bc5 12. Bxc5 Nxc5 13. Rd4 Ncd7 14. Rad1
Rd8 15. e4 O-O 16. e5 Nd5 17. Ng5 g6 18. Rh4 Nxe5 19. Nxh7 Nxc3 20. bxc3 Rxd1+
21. Qxd1 Rd8 22. Qe2 Nd7 23. h3 Qc5 24. Qd2 Qe5 25. Qh6 Qg7 26. Qg5 f6 27. Qe3
e5 28. Qxa7 Nf8 29. Nxf8 Kxf8 30. a4 bxa4 31. Qxa4 Kg8 32. Qc4+ Kf8 33. Qb4+ Kg8
34. Bf1 c5 35. Bc4+ Bd5 36. Qxc5 Bxc4 37. Qxc4+ Kf8 38. Qc5+ Kg8 39. Qc4+ Kf8
40. Qb4+ Kg8 41. Rc4 Qf7 42. Qc5 Qd5 43. Qxd5+ Rxd5 44. Rc7 Kf8 45. Kg2 Rd1 46.
h4 Rc1 47. g4 Rc2 48. h5 f5 49. h6 Kg8 50. g5 Kh8 51. Rc8+ Kh7 52. Rc7+ Kh8 53.
Rg7 1-0

[Event "Chess24 Banter Blitz Cup"]
[Site "chess24.com INT"]
[Date "2019.10.20"]
[Round "1.16"]
[White "Banusz, Tamas"]
[Black "Gordievsky, Dmitry"]
[Result "1-0"]
[WhiteTitle "GM"]
[BlackTitle "GM"]
[WhiteElo "2619"]
[BlackElo "2579"]
[WhiteFideId "722413"]
[BlackFideId "24112798"]
[EventDate "2019.09.25"]
[EventType "blitz"]

1. Nf3 d5 2. d4 e6 3. g3 Nf6 4. Bg2 Be7 5. O-O O-O 6. c4 Nbd7 7. Qd3 c6 8. Nc3
b6 9. e4 Ba6 10. b3 dxc4 11. bxc4 e5 12. dxe5 Ng4 13. Bf4 g5 14. Rad1 gxf4 15.
Qxd7 Qxd7 16. Rxd7 Bb4 17. Bh3 h5 18. Ne2 Bxc4 19. Nxf4 Bxf1 20. Kxf1 Rfd8 21.
Rc7 Bc5 22. Nxh5 Nxf2 23. Bf5 Rd1+ 24. Kg2 Rad8 25. e6 Rf8 26. exf7+ Kh8 27. Ne5
Rd6 28. Ng6+ Rxg6 29. Bxg6 Nd3 30. Nf4 Nxf4+ 31. gxf4 Bd6 32. Rxa7 Bxf4 33. Kf3
Be5 34. Kg4 Kg7 35. Kf5 Bd6 36. e5 Bxe5 37. Kxe5 Kxg6 38. Ke6 Kg7 39. Rc7 Rd8
40. Rxc6 Ra8 41. Rc2 b5 42. Rg2+ Kh7 43. Rg8 Ra6+ 44. Kd5 1-0

[Event "Chess24 Banter Blitz Cup"]
[Site "chess24.com INT"]
[Date "2019.10.20"]
[Round "1.17"]
[White "Gordievsky, Dmitry"]
[Black "Banusz, Tamas"]
[Result "1-0"]
[WhiteTitle "GM"]
[BlackTitle "GM"]
[WhiteElo "2579"]
[BlackElo "2619"]
[WhiteFideId "24112798"]
[BlackFideId "722413"]
[EventDate "2019.09.25"]
[EventType "blitz"]

1. Nf3 d5 2. g3 Bg4 3. Bg2 c6 4. O-O Nf6 5. d3 Nbd7 6. Nbd2 e5 7. Qe1 Bc5 8. e4
dxe4 9. dxe4 O-O 10. h3 Bh5 11. Nc4 Re8 12. Bd2 Qc7 13. Bc3 b5 14. Na5 Nb6 15.
Bd2 Bxf3 16. Bxf3 Rad8 17. Bg5 Be7 18. Rd1 h6 19. Bc1 Rxd1 20. Qxd1 Bb4 21. Nb3
Rd8 22. Qe2 Nc4 23. Rd1 Rxd1+ 24. Qxd1 Qd6 25. Qe2 Qd7 26. Kg2 a5 27. c3 Be7 28.
a4 Qe6 29. axb5 cxb5 30. Nd2 Nxd2 31. Bxd2 Qb3 32. Bc1 a4 33. Qd3 b4 34. Bd1 Qa2
35. cxb4 Bxb4 36. Qb5 Qb1 37. Qxb4 Qxc1 38. Bxa4 h5 39. Bb3 Qb1 40. Qb8+ Kh7 41.
Qxe5 h4 42. g4 Nxe4 43. Bxf7 Qc2 44. Qh5# 1-0

[Event "Chess24 Banter Blitz Cup"]
[Site "chess24.com INT"]
[Date "2019.10.20"]
[Round "1.18"]
[White "Banusz, Tamas"]
[Black "Gordievsky, Dmitry"]
[Result "0-1"]
[WhiteTitle "GM"]
[BlackTitle "GM"]
[WhiteElo "2619"]
[BlackElo "2579"]
[WhiteFideId "722413"]
[BlackFideId "24112798"]
[EventDate "2019.09.25"]
[EventType "blitz"]

1. Nf3 g6 2. g3 Bg7 3. d4 Nf6 4. c4 c6 5. Bg2 O-O 6. O-O d6 7. Nc3 Bf5 8. Ng5 h6
9. e4 Bg4 10. f3 Bc8 11. Nh3 e5 12. d5 Na6 13. Be3 Kh7 14. Nf2 cxd5 15. cxd5 Nc5
16. b4 Ncd7 17. Nb5 Nb6 18. Rc1 Ne8 19. a4 Bd7 20. Nxa7 Bxa4 21. Bxb6 Qxb6 22.
Nc8 Qxb4 23. Qe1 Qxe1 24. Rfxe1 Bf6 25. Nb6 Ra6 26. Nxa4 Rxa4 27. Rc8 Kg8 28.
Rb1 Ra7 29. Ng4 Bg7 30. Ne3 Nf6 31. Rc7 Rb8 32. Nc4 Bf8 33. Bh3 h5 34. Nb6 Ra6
35. Nc8 Ra2 36. Rcxb7 Rxb7 37. Rxb7 Ra1+ 38. Kf2 Ra2+ 39. Kf1 Ra1+ 40. Ke2 Ra2+
41. Ke3 Rxh2 42. Bf1 Rh1 43. Be2 Rg1 44. Kf2 Ra1 45. Rb6 Ne8 46. Bb5 Nf6 47.
Nxd6 Ra2+ 48. Kg1 Bxd6 49. Rxd6 Kg7 50. Rb6 Ra1+ 51. Kf2 Ra2+ 52. Ke3 Ra3+ 53.
Ke2 Ra2+ 54. Ke3 h4 55. Bd3 hxg3 56. Rb1 g2 57. Rg1 Nh5 58. Be2 Nf4 59. Bc4 Ra3+
60. Kf2 Ra4 61. Bb5 Rd4 62. Bc6 f5 63. d6 Nh3+ 64. Kxg2 Nxg1 0-1

[Event "Chess24 Banter Blitz Cup"]
[Site "chess24.com INT"]
[Date "2019.10.21"]
[Round "1.1"]
[White "Hammer, Jon Ludvig"]
[Black "Cruz, Cristhian"]
[Result "0-1"]
[WhiteTitle "GM"]
[BlackTitle "GM"]
[WhiteElo "2635"]
[BlackElo "2557"]
[WhiteFideId "1503707"]
[BlackFideId "3801969"]
[EventDate "2019.09.25"]
[EventType "blitz"]

1. e4 g6 2. d4 Bg7 3. Nf3 d6 4. Be2 Nd7 5. O-O a6 6. Re1 e6 7. c4 Ne7 8. Nc3 O-O
9. b3 c5 10. Bb2 cxd4 11. Nxd4 b6 12. Bf1 Bb7 13. Qd2 Qc7 14. Rad1 Rad8 15. h4
Nf6 16. f3 Rfe8 17. Qf2 Nc6 18. Nce2 Ne5 19. Nf4 d5 20. cxd5 exd5 21. Nxd5 Nxd5
22. exd5 b5 23. Nc6 Nxc6 24. Bxg7 Kxg7 25. dxc6 Qxc6 26. h5 Qf6 27. Rxe8 Rxe8
28. Rd7 Bc8 29. Rc7 Bf5 30. a4 Qa1 31. Qd2 Re1 32. h6+ Kf6 33. Qd8+ Ke5 34. Re7+
Be6 35. Qc7+ Kf6 0-1

[Event "Chess24 Banter Blitz Cup"]
[Site "chess24.com INT"]
[Date "2019.10.21"]
[Round "1.2"]
[White "Cruz, Cristhian"]
[Black "Hammer, Jon Ludvig"]
[Result "0-1"]
[WhiteTitle "GM"]
[BlackTitle "GM"]
[WhiteElo "2557"]
[BlackElo "2635"]
[WhiteFideId "3801969"]
[BlackFideId "1503707"]
[EventDate "2019.09.25"]
[EventType "blitz"]

1. c4 e5 2. Nc3 Bb4 3. Nd5 Bc5 4. e3 Ne7 5. Nxe7 Qxe7 6. a3 a5 7. Nf3 O-O 8. d3
a4 9. Be2 d6 10. O-O Re8 11. Bd2 Bf5 12. Bc3 e4 13. Nd4 Bg6 14. dxe4 Bxe4 15.
Bd3 Nc6 16. Nb5 Bxd3 17. Qxd3 Ne5 18. Bxe5 dxe5 19. Rad1 c6 20. Nc3 Qc7 21. Qc2
Qa5 22. Rd7 Qa6 23. Ne4 Be7 24. Rfd1 h6 25. Ng3 b5 26. Nf5 Bf8 27. c5 Qa5 28.
Qe4 Re6 29. Nd6 Ra7 30. Rxa7 Qxa7 31. Qxc6 Qb8 32. h3 b4 33. Qxa4 bxa3 34. Qxa3
Qc7 35. b4 Bxd6 36. cxd6 Rxd6 37. Qa8+ Kh7 38. Qe4+ g6 39. Rxd6 Qxd6 40. b5 Qd1+
41. Kh2 Qd6 42. Qc6 Qd2 43. b6 Qxf2 44. b7 Qxe3 45. b8=Q Qf4+ 46. Kg1 Qe3+ 47.
Kf1 Qf4+ 48. Ke2 h5 49. Qcc8 Qe4+ 50. Kd2 Qd4+ 51. Kc2 Qa4+ 52. Kb2 Qd4+ 53. Kb3
Qd3+ 54. Kb4 Qd2+ 55. Kb5 Qd5+ 56. Kb6 Qb3+ 57. Kc7 Qc4+ 58. Kd8 Qf4 59. Ke7
Qg5+ 60. Kf8 Qf6 61. Qd7 Qh8+ 62. Ke7 Qxb8 63. Qe8 Qxe8+ 0-1

[Event "Chess24 Banter Blitz Cup"]
[Site "chess24.com INT"]
[Date "2019.10.21"]
[Round "1.3"]
[White "Hammer, Jon Ludvig"]
[Black "Cruz, Cristhian"]
[Result "1-0"]
[WhiteTitle "GM"]
[BlackTitle "GM"]
[WhiteElo "2635"]
[BlackElo "2557"]
[WhiteFideId "1503707"]
[BlackFideId "3801969"]
[EventDate "2019.09.25"]
[EventType "blitz"]

1. e4 g6 2. d4 Bg7 3. Nf3 d6 4. Be2 Nd7 5. O-O a6 6. Re1 e6 7. h3 Ne7 8. Bf4 h6
9. a4 g5 10. Bh2 Ng6 11. c3 O-O 12. a5 Nf6 13. Nbd2 Qe7 14. Bc4 e5 15. Nf1 Nf4
16. Ne3 g4 17. hxg4 Nxg4 18. Nxg4 Bxg4 19. Bxf4 exf4 20. Qd3 Kh8 21. e5 Rad8 22.
exd6 Qxd6 23. Re2 c5 24. Rd1 cxd4 25. cxd4 Qb4 26. Ba2 Bxd4 27. Nxd4 Rxd4 28.
Qxd4+ Qxd4 29. Rxd4 Bxe2 30. Rxf4 f6 31. Rb4 Bb5 32. Bd5 Rd8 33. Bxb7 Rd1+ 34.
Kh2 Ra1 35. Rf4 Kg7 36. Rg4+ Kf7 37. b4 Rb1 38. Bd5+ Ke7 39. Rf4 Rb2 40. Kg3 Kd6
41. Bb7 Ke5 42. Re4+ Kd6 43. Bc8 Rb3+ 44. f3 Rb2 45. Re6+ Kd5 46. Rxf6 Rxb4 47.
Bxa6 Ba4 48. Rf4 Rb2 49. Rxa4 Kc5 50. Rh4 Ra2 51. Rh5+ Kb4 52. Bf1 Ra3 53. Kf2
Kc3 54. Kg1 Ra2 55. Rh4 Ra1 56. Re4 Kd2 57. Re2+ Kc3 58. Kf2 Kd4 59. Re3 Kc5 60.
Re2 Kd6 61. Re4 Ra3 62. Rd4+ Kc5 63. Rd2 1-0

[Event "Chess24 Banter Blitz Cup"]
[Site "chess24.com INT"]
[Date "2019.10.21"]
[Round "1.4"]
[White "Cruz, Cristhian"]
[Black "Hammer, Jon Ludvig"]
[Result "1-0"]
[WhiteTitle "GM"]
[BlackTitle "GM"]
[WhiteElo "2557"]
[BlackElo "2635"]
[WhiteFideId "3801969"]
[BlackFideId "1503707"]
[EventDate "2019.09.25"]
[EventType "blitz"]

1. c4 e6 2. Nc3 d5 3. e3 Nf6 4. Nf3 Be7 5. d4 O-O 6. Be2 dxc4 7. Bxc4 c5 8. O-O
cxd4 9. exd4 Nbd7 10. Bg5 Nb6 11. Bb3 Nfd5 12. Bd2 Bd7 13. Ne5 Rc8 14. Qf3 Bf6
15. Rfd1 Bc6 16. Ne4 Be7 17. Rac1 Ba4 18. Nc5 Bxb3 19. axb3 Rc7 20. Ba5 Qc8 21.
Ncd3 Rxc1 22. Rxc1 Qb8 23. Nc5 Bxc5 24. Rxc5 f6 25. Nc4 Kh8 26. g3 Nd7 27. Rxd5
exd5 28. Qxd5 Nb6 29. Bxb6 axb6 30. Nd6 Qc7 31. Qe6 h6 32. d5 Kh7 33. Qf5+ g6
34. Qe6 Rd8 35. Ne8 1-0